Wojna wietnamska - Statystyki

Ogólne statystyki
  • Ten quiz został rozwiązany 48 razy
  • Średni wynik to 8 z 20
Statystyki odpowiedzi
Pytanie Odpowiedź % Poprawnych
Który kraj europejski skolonizował Wietnam? Francja
98%
Co było stolicą Wietnamu Północnego? Hanoi
75%
Która grupa komunistyczna dokonała masakry milionów ludzi w Kambodży? {Czerwoni} Khmerzy
58%
Co było stolicą Wietnamu Południowego? Sajgon
58%
Jaki karabin był preferowany przez siły komunistyczne? AK-47
55%
Jaki przerażający łatwopalny żel USA zrzuciły na swoich wrogów? Napalm
53%
Jak nazywa się wojna w Wietnamie? wojną {amerykańsko}-wietnamska
48%
Kto był prezydentem Wietnamu Północnego w latach 1945-1969? Ho Chi Minh
45%
Jaki kraj został zaatakowany przez USA w 1970 roku? Kambodża
38%
Kto był przywódcą tej grupy? Pol Pot
38%
Który amerykański herbicyd spowodował negatywne skutki zdrowotne u osób narażonych na jego działanie? Agent {Orange}
28%
Jaki atak morski skłonił Stany Zjednoczone do przystąpienia do wojny, a może nigdy nie miał miejsca? Incydent w Zatoce {Tonkińskiej}
28%
Jaką strategię wojskową stosowali amerykańscy żołnierze w walce z partyzantami? {Znajdź} i zniszcz
28%
W jakie święto siły komunistyczne rozpoczęły niszczycielską ofensywę w 1968 roku? Tet
25%
Jaką haniebną masakrę w 1968 roku przeprowadziły wojska amerykańskie, zabijając cywilów? Masakra w {My} {Lai}
23%
Co oznaczają inicjały WK? Wietkong
23%
Która teoria głosi, że jeśli Wietnam stanie się komunistyczny, inne kraje również upadną? Teoria {Domina}
20%
Który przyszły kandydat na prezydenta USA był torturowany przez Wietnamczyków? John McCain
15%
Jaka grupa etniczna mieszkańców gór wyemigrowała masowo do USA po wojnie? Hmong
0%
Na którym uniwersytecie w Ohio zginęło 4 protestujących w 1970 roku? {Kent} State
0%
Nie znaleziono quizów pasujących do podanych kryteriów
Rozkład punktacji
Procent ludzi z każdym wynikiem
Percentyl według liczby udzielonych odpowiedzi
Twoja historia wyników
Nie rozwiązałeś tego quizu